000 00313nam a22001337a 4500
008 180207b xxu||||| |||| 00| 0 eng d
020 _a 9780781791502
041 _aeng
080 _a616.34
100 _a9
101 _aSHM
245 _aGASTROENTEROLOGY SUBSPECIALTY CONSULT
_cPRAKASH.C.G
942 _2udc
_cBK
999 _c41971
_d41971